Pasapalabra #4 - Edición TIC - Estadísticas

Estadísticas generales
  • Esta prueba ha sido intentada 29 veces
  • La puntuación promedio es 12 de 26
Estadísticas de respuestas
Letra Respuesta Definición % Correcto
B Byte Conjunto de 8 bits usado para designar un carácter, letra o número.
77%
H Hacker Experto en informática capaz de de entrar en sistemas cuyo acceso es restringido. No necesariamente con malas intenciones.
77%
C Chat Servicio de Internet que permite a dos o más usuarios conversar conectados a Internet mediante el teclado.
69%
J Joystick Usado para mover un objeto por la pantalla. Se compone de una base desde la que sale una palanca vertical, con la cual se controla el movimiento y también suelen incluir varios botones.
65%
U URL Dirección de un sitio web, universal y único a nivel mundial.
65%
W Webcam Pequeña cámara digital conectada a una computadora, la cual puede capturar imágenes y transmitirlas a través de Internet, ya sea a una página web o a otra u otras computadoras de forma privada.
65%
I Internet Red mundial de computadoras, cuya comunicación se realiza a través del protocolo TCP/IP.
62%
L Login Acción de conectarse a un sistema ingresando un nombre de usuario y una contraseña.
62%
M Memoria Almacenamiento primario de una computadora, como la RAM o la ROM.
62%
Y YouTube Sitio web en el cual los usuarios pueden subir y compartir vídeos. Es muy popular gracias a la posibilidad de alojar vídeos personales de manera sencilla. Aloja una variedad de clips de películas, programas de televisión y vídeos musicales, así como contenidos amateur como videoblogs.
62%
E Emoticonos Símbolos con apariencia de rostro empleados en el correo electrónico y los chat para expresar emociones en los mensajes enviados.
58%
G Gamer Término usado para definir al tipo de videojugadores que se caracterizan por jugar con gran dedicación e interés y por tener una gama diversificada de conocimiento sobre videojuegos.
58%
R Red Interconexión de una o más computadoras a través de hardware y software.
54%
K Key Clave utilizada para acceder a datos protegidos por encriptación
50%
V Virtual Se dice de la representación en una computadora de algo que no existe, o no está presente en ese lugar.
50%
N Nick Nombre o pseudónimo que utiliza un usuario de IRC
46%
P Pendrive Dispositivo de almacenamiento de datos que incorpora una interfaz USB para conectar a un puerto USB.
46%
A Alfanumérico Característica que indica un conjunto de caracteres que incluye letras, números y signos de puntuación.
42%
Q QR Sistema para almacenar información en una matriz de puntos o un código de barras bidimensional que se caracteriza por los tres cuadrados que se encuentran en las esquinas y que permiten detectar la posición del código al lector.
38%
S Servidor Computadora o programa que proporciona recursos en una red dando información a los clientes.
31%
O Offline Equipos o dispositivos que no están en comunicación directa o apagados
19%
Z Zip Disco magnético removible que permite almacenar 100 ó 250 Mb de información, de gran estabilidad y duración.
19%
F Freeware Programa de uso sin coste siempre que se respeten las condiciones del propietario del mismo.
15%
D Dato Representación de un hecho o idea que puede ser manipulado y al cual se le puede asignar un significado.
12%
T Terminal Dispositivo en un sistema o red de comunicación en el cual los datos pueden ingresarse o salir, pero no procesarse.
8%
X X25 Protocolo de transmisión de datos muy usado en Iberpac. Establece circuitos virtuales, enlaces y canales.
0%
No se encontraron pruebas coincidentes
Distribución de puntuación
Porcentaje de gente con cada puntuación
Porcentaje por número respondido
Historial de tus puntuaciones
No has intentado esta prueba.